|
|
|
|
| LEADER |
00000caa a2200000 c 4500 |
| 001 |
873153561 |
| 003 |
DE-627 |
| 005 |
20250417080919.0 |
| 007 |
tu |
| 008 |
161124s1977 xx ||||| 00| ||ger c |
| 020 |
|
|
|a 3772504019
|
| 035 |
|
|
|a (DE-627)873153561
|
| 035 |
|
|
|a (DE-599)GBV873153561
|
| 040 |
|
|
|a DE-627
|b ger
|c DE-627
|e rda
|
| 041 |
|
|
|a ger
|
| 084 |
|
|
|a 0
|2 ssgn
|
| 100 |
1 |
|
|e VerfasserIn
|0 (DE-588)134239571
|0 (DE-627)564823244
|0 (DE-576)300396767
|4 aut
|a Schad, Wolfgang
|d 1935-2022
|
| 109 |
|
|
|a Schad, Wolfgang 1935-2022
|a Schad, Wolfgang Alexander 1935-2022
|a Schad, Wolfgang A. 1935-2022
|
| 245 |
1 |
4 |
|a Das Denken in der Natuewissenschaft als ein Weg zum Ätherischen
|c Wolfgang Schad
|
| 264 |
|
1 |
|c 1977
|
| 336 |
|
|
|a Text
|b txt
|2 rdacontent
|
| 337 |
|
|
|a ohne Hilfsmittel zu benutzen
|b n
|2 rdamedia
|
| 338 |
|
|
|a Band
|b nc
|2 rdacarrier
|
| 773 |
0 |
8 |
|i Enthalten in
|t Erscheinungsformen des Ätherischen
|d Stuttgart : Verlag Freies Geistesleben, 1977
|g (1977), Seite 135-162
|h 197 S.
|w (DE-627)010975500
|w (DE-576)074403672
|z 3772504019
|7 nnam
|
| 773 |
1 |
8 |
|g year:1977
|g pages:135-162
|
| 951 |
|
|
|a AR
|
| ELC |
|
|
|b 1
|
| ITA |
|
|
|a 1
|t 1
|
| ORI |
|
|
|a SA-MARC-ixtheo_oa001.raw
|
| REL |
|
|
|a 1
|
| SUB |
|
|
|a REL
|